QMJHL Teams - Statistics

General Stats
  • This quiz has been taken 183 times
  • The average score is 13 of 18
Answer Stats
Divison Team % Correct
Maritimes Halifax Mooseheads
90%
Maritimes Moncton Wildcats
86%
Maritimes Charlottetown Islanders
81%
East Quebec Remparts
80%
Maritimes Saint John Sea Dogs
80%
Maritimes Cape Breton Eagles
77%
West Blainville-Boisbriand Armada
76%
West Gatineau Olympiques
76%
East Rimouski Océanic
75%
Maritimes Acadie–Bathurst Titan
74%
West Rouyn-Noranda Huskies
73%
West Sherbrooke Phoenix
73%
East Baie-Comeau Drakkar
71%
East Chicoutimi Saguenéens
69%
West Drummondville Voltigeurs
69%
West Val-d'Or Foreurs
66%
East Victoriaville Tigres
66%
East Shawinigan Cataractes
65%
No matching quizzes found
Score Distribution
Percent of People with Each Score
Percentile by Number Answered
Your Score History
You have not taken this quiz